00422nam a22001337a 450000500170000000800410001702000150005804000130007308200240008610000170011024501070012726000430023430000110027720150427124227.0150427b xxu||||| |||| 00| 0 eng d a0195775929 cPK-LaUMT aKHC 954.9205bHAS-S aHasan Zaheer aThe separation of East Pakistanbthe rise and realization of Bengali Muslim nationalism cHasan Zaheer aKarachibOxford university pressc1994 a511 p.